Extensification payment scheme 2001 (Record no. 66682)
[ view plain ]
| 000 -LEADER | |
|---|---|
| fixed length control field | 00632cam a2200181 4500 |
| 001 - CONTROL NUMBER | |
| control field | WB3714-51 |
| 008 - FIXED-LENGTH DATA ELEMENTS--GENERAL INFORMATION | |
| fixed length control field | 000000n2001 000 0 eng u |
| 035 ## - SYSTEM CONTROL NUMBER | |
| System control number | (Sirsi) u111887 |
| 245 ## - TITLE STATEMENT | |
| Title | Extensification payment scheme 2001 |
| 260 ## - PUBLICATION, DISTRIBUTION, ETC. | |
| Date of publication, distribution, etc. | 2001 |
| 490 ## - SERIES STATEMENT | |
| Series statement | MAFF News Release |
| Volume/sequential designation | (12201) 3 April 2001 (1) |
| 520 ## - SUMMARY, ETC. | |
| Summary, etc. | The first check date for the Extensification Payment Scheme 2001 for the period January/February is 19 February 2001. The 2001 payment rates are still to be finalised |
| 590 ## - LOCAL NOTE (RLIN) | |
| Local note | WB |
| 650 ## - SUBJECT ADDED ENTRY--TOPICAL TERM | |
| Topical term or geographic name entry element | EXTENSIFICATION PAYMENTS |
| 650 ## - SUBJECT ADDED ENTRY--TOPICAL TERM | |
| Topical term or geographic name entry element | AGENDA 2000 |
| 690 ## - LOCAL SUBJECT ADDED ENTRY--TOPICAL TERM (OCLC, RLIN) | |
| Topical term or geographic name as entry element | RURAL-AGRICULTURE AND FORESTRY |
| 942 ## - ADDED ENTRY ELEMENTS (KOHA) | |
| Suppress in OPAC | 0 |
| Withdrawn status | Lost status | Source of classification or shelving scheme | Damaged status | Not for loan | Home library | Current library | Shelving location | Date acquired | Total Checkouts | Full call number | Barcode | Date last seen | Copy number | Price effective from | Koha item type |
|---|---|---|---|---|---|---|---|---|---|---|---|---|---|---|---|
| Dewey Decimal Classification | London | London | News article | 05/04/2001 | WB3714-51 | 111887-1001 | 06/08/2019 | 1 | 06/08/2019 | News article |